Population Facts (Countries) - Statistics

General Stats
  • This quiz has been taken 8 times
  • The average score is 22 of 31
Answer Stats
Ammount Question Answer % Correct
1.408 Billion Highest Population China
100%
1.47 Billion Highest Population India
100%
285 Million Highest Population Indonesia
100%
123 Million Highest Population Japan
100%
340 Million Highest Population United States of America
100%
169 Million Highest Population Bangladesh
88%
213 Million Highest Population Brazil
88%
112 Million Highest Population Democratic Republic of the Congo
88%
111 Million Highest Population Ethiopia
88%
130 Million Highest Population Mexico
88%
11,600 Lowest Population Nauru
88%
3.65% Highest Growth Niger
88%
223 Million Highest Population Nigeria
88%
146 Million Highest Population Russia
88%
34,100 Lowest Population San Marino
88%
882 Lowest Population Vatican City
88%
107 Million Highest Population Egypt
75%
241 Million Highest Population Pakistan
75%
114 Million Highest Population Philippines
75%
10,600 Lowest Population Tuvalu
75%
3.32% Highest Growth Angola
63%
16,700 Lowest Population Palau
50%
3.13% Highest Growth Uganda
50%
-0.87% Lowest Growth Iran
38%
-0.98% Lowest Growth Poland
38%
-0.86% Lowest Growth Romania
38%
3.32% Highest Growth Somalia
38%
3.26% Highest Growth Benin
25%
4.52% Highest Growth South Sudan
25%
-1.06% Lowest Growth Albania
13%
-1.27% Lowest Growth Latvia
13%
No matching quizzes found
Score Distribution
Percent of People with Each Score
Percentile by Number Answered
Your Score History
You have not taken this quiz